书目信息 |
| 题名: |
经济法基础通关题库
|
|
| 作者: | ;会计专业技术资格考试辅导用书编审委员会 组编 | |
| 分册: | ||
| 出版信息: | 北京 经济科学出版社 2013 |
|
| 页数: | 274页 | |
| 开本: | 26cm | |
| 丛书名: | 2013年全国会计专业技术资格考试辅导系列丛书 | |
| 单 册: | ||
| 中图分类: | D922.290.4 | |
| 科图分类: | ||
| 主题词: | 经济法--中国--资格考试--习题集 , 经济法 | |
| 电子资源: | ||
| ISBN: | 978-7-5141-3372-1 | |
| 000 | 01120nam0 2200265 450 | |
| 001 | 523 | |
| 005 | 20140908081458.98 | |
| 010 | @a978-7-5141-3372-1@dCNY28.00 | |
| 100 | @a20130607d2013 em y0chiy50 ea | |
| 101 | 0 | @achi |
| 102 | @aCN@b110000 | |
| 105 | @ay z 000yy | |
| 106 | @ar | |
| 200 | 1 | @a经济法基础通关题库@AJing Ji Fa Ji Chu Tong Guan Ti Ku@f会计专业技术资格考试辅导用书编审委员会组编@FHui Ji Zhuan Ye Ji Shu Zi Ge Kao Shi Fu Dao Yong Shu Bian Shen Wei Yuan Hui Zu Bian |
| 210 | @a北京@c经济科学出版社@d2013 | |
| 215 | @a274页@d26cm | |
| 225 | 2 | @a2013年全国会计专业技术资格考试辅导系列丛书@e经科版 |
| 330 | @a本书分为七章,内容包括:劳动合同与社会保险法律制度、支付结算法律制度、其他税收法律制度、税收征收管理法律制度等。 | |
| 461 | 0 | @12001 @a2013年全国会计专业技术资格考试辅导系列丛书 |
| 606 | 0 | @a经济法@y中国@x资格考试@j习题集 |
| 606 | 0 | @a经济法 |
| 690 | @aD922.290.4@v5 | |
| 711 | 02 | @a会计专业技术资格考试辅导用书编审委员会@AHui Ji Zhuan Ye Ji Shu Zi Ge Kao Shi Fu Dao Yong Shu Bian Shen Wei Yuan Hui@4组编 |
| 801 | 0 | @aCN@bTANGWEI@c20140603 |
| 905 | @b0840091-93@dD922.290.4@e1109@f3 | |
| 经济法基础通关题库/会计专业技术资格考试辅导用书编审委员会组编.-北京:经济科学出版社,2013 |
| 274页;26cm.-(2013年全国会计专业技术资格考试辅导系列丛书:经科版) |
| ISBN 978-7-5141-3372-1:CNY28.00 |
| 本书分为七章,内容包括:劳动合同与社会保险法律制度、支付结算法律制度、其他税收法律制度、税收征收管理法律制度等。 |
| ● |
| 相关链接 |
|
|
|
|
正题名:经济法基础通关题库
索取号:D922.290.4/1109
 
预约/预借
| 序号 | 登录号 | 条形码 | 馆藏地/架位号 | 状态 | 备注 |
| 1 | 0840091 | 208400915 | 第一样本阅览室/ [索取号:D922.290.4/1109] | 在馆 | |
| 2 | 0840092 | 208400924 | 第一借阅区/ [索取号:D922.290.4/1109] | 在馆 | |
| 3 | 0840093 | 208400933 | 密集书库-史法系/ [索取号:D922.290.4/1109] | 在馆 |